LEADER 01641nam 2200553 450 001 9910555029503321 005 20210615011951.0 010 $a9781119578352$beBook 010 $z9781119578338$bprint 010 $a1-119-57835-3 010 $a1-119-57828-0 010 $a1-119-57837-X 035 $a(CKB)4100000010870968 035 $a(MiAaPQ)EBC6199837 035 $a(EXLCZ)994100000010870968 100 $a20200917d2020 uy 0 101 0 $aeng 135 $aurcnu|||||||| 181 $ctxt$2rdacontent 182 $cc$2rdamedia 183 $acr$2rdacarrier 200 00$aCardiac pacing and ICDs /$fedited by Kenneth A. Ellenbogen, Karoly Kaszala 205 $aSeventh edition. 210 1$aHoboken, NJ :$cWiley Blackwell,$d2020. 215 $a1 online resource (467 pages) 311 $a1-119-57833-7 606 $aCardiac pacemakers$vHandbooks, manuals, etc 606 $aCardiac pacing$vHandbooks, manuals, etc 606 $aHeart$xDiseases 606 $aCardiac Pacing, Artificial 606 $aDefibrillators, Implantable 606 $aPacemaker, Artificial 608 $aElectronic books. 615 0$aCardiac pacemakers 615 0$aCardiac pacing 615 0$aHeart$xDiseases. 615 2$aCardiac Pacing, Artificial. 615 2$aDefibrillators, Implantable. 615 2$aPacemaker, Artificial. 676 $a617.4120645 702 $aEllenbogen$b Kenneth A. 702 $aKaszala$b Karoly 801 0$bMiAaPQ 801 1$bMiAaPQ 801 2$bMiAaPQ 906 $aBOOK 912 $a9910555029503321 996 $aCardiac pacing and ICDs$91992042 997 $aUNINA